LEADER 01483nam a2200289 u 4500 001 000000003041 003 CaOOAMICUS 005 20070226104509.0 008 940921m19661965fr f u000 u fre u 035 $a10078343 040 $aPUL(R)$bita 100 1 $aGlorieux, Palemon,$csac.,$d1892-$0(OLS)http://pul/name/3229 245 10$aAux origines de la Sorbonne /$cpar Mgr. P. Glorieux. 260 $aParis :$bJ. Vrin,$c1966-'65. 300 $a2 v. :$b1 tav. pieg. ;$c25 cm 490 1 $aEtudes de philosophie médiévale ;$v53, 54 500 $a"Ouvrage publié avec le concours du Centre National de la Recherche Scientifique". 505 0 $av.1. Robert de Sorbon; L'homme - le collège, les documents -- v.2. Le cartulaire; Edition critique avec introduction, index et plan dépliant hors-texte par Mgr. P. Glorieux. 830 0$aEtudes de philosophie médiévale ;$v53, 54.$0(OLS)http://pul/title/1367 850 $aPUL 852 $aPUL$W1$xSL Filosofia 2$y80$mPhil A4 53-54$j4037$nBK-PRI$b $qStampati altre collocazioni$B4037$CPULBib$Z2$F4037 $H $81 852 $aPUL$W1$xSL Filosofia 2$y80$mPhil A4 53-54$j4037$nBK-PRI$b $qStampati altre collocazioni$B4038$CPULBib$Z2$F4038 $H $81 941 1 $a10 961 $aINV: 27456-27475 961 $aINV: 27456-27475 996 $6245$aAux origines de la Sorbonne$9(OLS)http://pul/title/4428 996 $6260$aParis :$bJ. Vrin$9(OLS)http://pul/publisher/48393 LEADER 01202nam a2200289 a 4500 001 000000140237 003 CaOOAMICUS 005 20141103110526.0 008 141103s2013 enk u000 u eng r 020 $z9780199669981* 040 $aPUL$bita 082 04$a204 100 1 $aWynn, Mark R.$0(OLS)http://pul/name/90437 245 10$aRenewing the senses :$ba study of the philosophy and theology of the spiritual life /$cMark R. Wynn. . 260 $aOxford :$bOxford University Press,$c©2013. 300 $aix, 206 p. ;$c23 cm 500 $aInclude indici. 504 $aBibliografia in nota. 650 4$aVita spirituale.$0(OLS)http://pul/subject/3091 850 $aPUL 852 $aPUL$W1$xSL Religione 3$y85$m204 WYNMA 1$j162063$a2. ristampa$qDDC 21$B161526$CPULBib$Z2$F161526 $H124865 $82 941 1 $a9 996 $6020$z9780199669981*$9(OLS)http://pul/number/156210 996 $6082$a204$9(OLS)http://pul/classification/576 996 $6245$aRenewing the senses :$ba study of the philosophy and theology of the spiritual life$9(OLS)http://pul/title/177522 996 $6260$aOxford :$bOxford University Press$9(OLS)http://pul/publisher/48013